000
00315nam a2200121 a 4500
008
100920s1965|||| d
245
1
0
_a
Prístav podvodníkov
100
1
_a
Espinoza, Leonardo
260
_b
Vydavateľstvo politickej literatúry
_a
Bratislava
_c
1965
020
_c
10
044
_a
xo
_c
SK
041
_a
slo
999
_c
10509
_d
10509